La réponse contient un mot en double - Statistiques

Statistiques générales
  • Ce quiz a été pris 43 fois
  • Le résultat moyen est 5 sur 13
Statistiques - réponses
Indice Réponse % Correct
Les parents des parents des parents des parents. Arrière-arrière-grands-parents
78%
Siège de la biscuiterie Saint-Michel, le nom de cette commune de Loire-Atlantique contient deux fois un mot désignant un supérieur, un dirigeant. Saint-Michel-{Chef}-{Chef}
69%
Ville allemande donnant son nom au Land de Bade-Wurtemberg, et signifiant littéralement "Les bains-Les bains". Baden-Baden
67%
Petit véhicule servant de taxi, composé d'un avant de scooter et d'une cariole à l'arrière, fortement représenté en Asie du Sud-Est. Tuk Tuk
67%
Île de l'archipel de la Société, parmi les plus visitées de Polynésie française. Bora-Bora
64%
Royaume des parents de Fiona, dans les films d'animation Shrek. Fort Fort Lointain
53%
Primate vivant à Madagascar, un personnage à l'apparence de singe présent dans plusieurs jeux Sonic porte presque le même nom. Aye-Aye
33%
Commune des Deux-Sèvres, contenant deux fois dans son nom celui d'un royaume de la Terre du Milieu connu pour ses chevaux et ses cavaliers. Frontenay-{Rohan}-{Rohan}
31%
Homme politique égyptien, sixième secrétaire général de l'ONU, de 1992 à 1996. {Boutros}-{Boutros} Ghali
28%
Divinité de la mythologie polynésienne de l'Île de Pâques, dont le nom a été donné à une planète naine découverte en 2005. Make-make
17%
Capitale des Samoa américaines. Le mot en double formant son nom est aussi une marque de jus de fruit. Pago-Pago
17%
Ville où se déroule l'histoire de Futurama. New New York
8%
Ce primate donne aussi son nom à un Pokémon de type poison et normal de la neuvième génération. Tag Tag
8%
Aucun quiz correspondant
Distribution des résultats
% des personnes avec chaque résultat
Percentile par nombre de réponses
Votre historique - résultats
Vous n’avez pas pris ce quiz